| 000 | 00743cam a2200241u 4500 | ||
|---|---|---|---|
| 001 | 18668 | ||
| 003 | BD-RjUL | ||
| 005 | 20211209000322.0 | ||
| 008 | 140222s1962 no 000 0 eng | ||
| 035 | _a(BD-RjUL)18726 | ||
| 040 |
_aDLC _cCarP _dDLC _dBD-RjUL _beng |
||
| 041 | _aeng | ||
| 082 |
_a823.9 _bRAH |
||
| 100 | 1 |
_aRaknem, Ingvald, _d1910- [from old catalog] _957480 |
|
| 245 | 0 | 0 |
_aH. G. Wells and his critics / _c Ingvald Raknem. |
| 260 |
_aOslo : _bUniversitetsforlaget, _cc1962. |
||
| 300 |
_a475 p. ; _c23 cm. |
||
| 600 | 1 | 0 |
_aWells, H. G. _q(Herbert George), _d1866-1946 _xCriticism and interpretation _xHistory.. _978773 |
| 650 |
_aEnglish literature _957482 |
||
| 942 |
_2ddc _cBK |
||
| 999 |
_c18668 _d18668 |
||